SIA Puzzle Hunt: Double Visions Quiz Stats

Quiz Updated Sep 24, 2015

Score 0/25 Timer 20:00
3 Plays Today
Hint Answer % Correct
???
89.4%
???
89.1%
???
87.7%
???
87.3%
???
86.2%
???
86.1%
???
85.3%
???
82.6%
???
82%
???
80.2%
???
75.7%
???
75.4%
???
72.7%
Hint Answer % Correct
???
71.9%
???
60.9%
???
59.6%
???
58.1%
???
56.9%
???
56.7%
???
52.6%
???
51.8%
???
48.2%
???
45.7%
???
45.6%
???
41.3%

You're not logged in!

Compare scores with friends on all Sporcle quizzes.
Sign Up with Email
OR
Log In

You Might Also Like...

Show Comments

Extras

Top Quizzes Today


Score Distribution

Your Account Isn't Verified!

In order to create a playlist on Sporcle, you need to verify the email address you used during registration. Go to your Sporcle Settings to finish the process.